| 000 | 00332nam a2200133Ia 4500 | ||
|---|---|---|---|
| 005 | 20260328104329.0 | ||
| 008 | 260328s9999||||xx |||||||||||||| ||und|| | ||
| 100 | _aMinguet, Josep Maria | ||
| 245 | 0 |
_aMini Urban Apartments / _cJosep Maria Minguet |
|
| 260 | _bMonsa | ||
| 300 | _a111 p. | ||
| 650 | _aPLAZAS Y PARQUES | ||
| 942 | _cBK | ||
| 999 |
_c11635 _d11635 |
||